[Event "Quimper op 8th"]
[Site "Quimper"]
[Date "2017.11.02"]
[Round "5"]
[White "Rannou, Noel"]
[Black "Ottl, Eric"]
[Result "1-0"]
[WhiteElo "1457"]
[BlackElo "1587"]
[PlyCount "101"]
[EventDate "2017.10.31"]
[EventType "swiss"]
[EventRounds "6"]
[EventCountry "FRA"]
[SourceTitle "EXT 2023"]
[Source "ChessBase"]
[SourceDate "2022.10.05"]
[SourceVersion "1"]
[SourceVersionDate "2022.10.05"]
[SourceQuality "1"]

1. c4 g6 2. d4 Bg7 3. Nf3 Nf6 4. Bd2 0-0 5. Bc3 d5 6. Nbd2 Nc6 7. cxd5 Nxd5 8. e3 Nxc3 9. bxc3 Re8 10. Bb5 Bd7 11. 0-0 a6 12. Ba4 Nb8 13. Bb3 c5 14. Rc1 cxd4 15. cxd4 Nc6 16. Nc4 Na5 17. Nxa5 Qxa5 18. Rc5 Qb6 19. Qd2 Rac8 20. Rfc1 Be6 21. Ng5 Rxc5 22. dxc5 Qc6 23. Nxe6 fxe6 24. Qb4 Rc8 25. Qc4 Kf7 26. Qf4+ Bf6 27. e4 Ke8 28. e5 Qc7 29. Bxe6 Rd8 30. Qa4+ Kf8 31. exf6 exf6 32. Qb4 Kg7 33. Qb6 Qf4 34. Qxb7+ Kh6 35. Rf1 Rb8 36. Qxa6 Qe4 37. Bb3 Qe5 38. Qd6 Qe8 39. Qxf6 Rb4 40. c6 Rb6 41. Qf4+ Kg7 42. Qd4+ Kh6 43. Qxb6 g5 44. c7+ Kh5 45. Bd1+ g4 46. Qc5+ Kh4 47. g3+ Kh3 48. Bxg4+ Kxg4 49. c8Q+ Qe6 50. f3+ Kh3 51. Qh5# 1-0

[Event "Quimper op 5th"]
[Site "Quimper"]
[Date "2014.10.31"]
[Round "5"]
[White "Kerbaol, Jacques"]
[Black "Ottl, Eric"]
[Result "0-1"]
[WhiteElo "1515"]
[BlackElo "1488"]
[PlyCount "39"]
[EventDate "2014.10.31"]
[EventType "swiss"]
[EventRounds "7"]
[EventCountry "FRA"]
[SourceTitle "EXT 2016"]
[Source "ChessBase"]
[SourceDate "2015.10.08"]
[SourceVersion "1"]
[SourceVersionDate "2015.10.08"]
[SourceQuality "1"]

1. e4 e5 2. Nc3 Nf6 3. f4 exf4 4. e5 Ng8 5. Nf3 Be7 6. Bc4 Bh4+ 7. g3 fxg3 8. 0-0 gxh2+ 9. Kh1 b6 10. Bd5 Nc6 11. Bxf7+ Kf8 12. Bd5 Bf6 13. Ng5 Nxe5 14. Bxa8 Ba6 15. Rxf6+ Qxf6 16. d3 c6 17. Bd2 Ke8 18. Qe2 Ne7 19. Nce4 Qg6 20. Nd6+ 0-1

[Event "Avoine op 27th"]
[Site "Avoine"]
[Date "2012.07.28"]
[Round "8"]
[White "Eden, James"]
[Black "Ottl, Eric"]
[Result "1-0"]
[WhiteElo "2129"]
[BlackElo "1557"]
[PlyCount "79"]
[EventDate "2012.07.21"]
[EventType "swiss"]
[EventRounds "9"]
[EventCountry "FRA"]
[SourceTitle "CBM 149 Extra"]
[Source "ChessBase"]
[SourceDate "2012.08.24"]
[SourceVersion "1"]
[SourceVersionDate "2012.08.24"]
[SourceQuality "1"]

1. e4 e5 2. Nf3 Nc6 3. d4 exd4 4. Nxd4 Bc5 5. Be3 Qf6 6. Nb5 Bxe3 7. fxe3 Qh4+ 8. g3 Qxe4 9. Nxc7+ Kd8 10. Nxa8 Qxh1 11. Qd6 Nf6 12. Nd2 Qd5 13. Qc7+ Ke7 14. 0-0-0 Qe5 15. Nc4 Qxc7 16. Nxc7 Rd8 17. Nd6 Ne8 18. Ncxe8 Rxe8 19. Nxe8 Kxe8 20. Bb5 Ke7 21. Bxc6 dxc6 22. Rd4 c5 23. Rc4 Kd6 24. b4 b6 25. bxc5+ bxc5 26. Kd2 Bd7 27. Kc3 Kc6 28. a3 Be6 29. Ra4 Kb6 30. Rf4 h5 31. Kd3 g6 32. Ke4 Kb5 33. Ke5 c4 34. Rf1 Kc5 35. Rf6 Kb5 36. Rxe6 fxe6 37. Kxe6 Kc5 38. e4 Kd4 39. e5 Kc3 40. Kd5 1-0

[Event "FRA-ch op-D"]
[Site "Caen"]
[Date "2011.08.23"]
[Round "7"]
[White "Imperor, Amelie"]
[Black "Ottl, Eric"]
[Result "0-1"]
[WhiteElo "1389"]
[BlackElo "1484"]
[PlyCount "126"]
[EventDate "2011.08.16"]
[EventType "swiss"]
[EventRounds "9"]
[EventCountry "FRA"]
[SourceTitle "EXT 2012"]
[Source "ChessBase"]
[SourceDate "2011.11.24"]
[SourceVersion "1"]
[SourceVersionDate "2011.11.24"]
[SourceQuality "1"]

1. e4 e5 2. f4 exf4 3. Nf3 Nf6 4. Nc3 d5 5. exd5 Nxd5 6. Nxd5 Qxd5 7. d4 Bd6 8. c4 Bb4+ 9. Bd2 Qe4+ 10. Qe2 Bxd2+ 11. Nxd2 Qxe2+ 12. Bxe2 0-0 13. 0-0 Re8 14. Rae1 g5 15. Bd3 Rd8 16. Rf2 Nc6 17. d5 Nd4 18. Re4 c5 19. Re5 f6 20. Re7 h6 21. Bh7+ Kf8 22. Re1 Bd7 23. Bg6 Be8 24. Bh7 Rd7 25. Bd3 Re7 26. Rxe7 Kxe7 27. Nf3 Nxf3+ 28. Rxf3 Bd7 29. Bg6 Be8 30. Bf5 Kd6 31. Rf1 Bf7 32. a3 Re8 33. b4 b6 34. Rb1 Re5 35. bxc5+ Kxc5 36. Bd3 Be8 37. Ra1 a6 38. Kf2 b5 39. Rc1 bxc4 40. Bxc4 Bb5 41. Bxb5+ Kxb5 42. Rc6 Rxd5 43. Rxf6 h5 44. a4+ Kxa4 45. Rxa6+ Kb4 46. Rc6 g4 47. Rc2 Rd4 48. h3 Kb3 49. Re2 Kc3 50. hxg4 hxg4 51. Re7 Rd2+ 52. Kf1 g3 53. Re4 Rf2+ 54. Ke1 Kd3 55. Re8 Rxg2 56. Rd8+ Ke3 57. Re8+ Kf3 58. Kf1 Ra2 59. Re1 Rf2+ 60. Kg1 g2 61. Rd1 Rf1+ 62. Rxf1+ gxf1Q+ 63. Kxf1 Ke3 0-1

[Event "Fouesnant op 15th"]
[Site "Fouesnant"]
[Date "2009.10.30"]
[Round "8"]
[White "Ottl, Eric"]
[Black "Le Menn, Axel"]
[Result "1-0"]
[WhiteElo "1422"]
[BlackElo "1280"]
[PlyCount "53"]
[EventDate "2009.10.26"]
[EventType "swiss"]
[EventRounds "9"]
[EventCountry "FRA"]
[SourceTitle "EXT 2010"]
[Source "ChessBase"]
[SourceDate "2010.11.25"]
[SourceVersion "1"]
[SourceVersionDate "2010.11.25"]
[SourceQuality "1"]

1. e4 e5 2. Nf3 Nc6 3. Bc4 Nf6 4. Ng5 Rg8 5. Bxf7+ Ke7 6. Bxg8 h6 7. Bc4 hxg5 8. d3 Na5 9. Bd5 c6 10. Bb3 Nxb3 11. axb3 d5 12. Bxg5 Bg4 13. Qxg4 Ke8 14. Bxf6 Qxf6 15. 0-0 c5 16. c4 dxc4 17. bxc4 Rd8 18. Rxa7 Qb6 19. Ra3 Qxb2 20. Rc3 b5 21. cxb5 Qxb5 22. Na3 Qb2 23. Qe6+ Be7 24. Rb3 Qd4 25. Rb7 Kf8 26. Qxe7+ Kg8 27. Qxg7# 1-0

[Event "Fouesnant op 14th"]
[Site "Fouesnant"]
[Date "2008.10.29"]
[Round "6"]
[White "Fraval, Guy"]
[Black "Ottl, Eric"]
[Result "0-1"]
[WhiteElo "1490"]
[BlackElo "1490"]
[PlyCount "96"]
[EventDate "2008.10.25"]
[EventType "swiss"]
[EventRounds "9"]
[EventCountry "FRA"]
[SourceTitle "EXT 2009"]
[Source "ChessBase"]
[SourceDate "2008.11.26"]
[SourceVersion "1"]
[SourceVersionDate "2008.11.26"]
[SourceQuality "1"]

1. d4 d5 2. Bf4 Nf6 3. e3 e6 4. Bd3 c6 5. Nd2 Qb6 6. Qc1 Nbd7 7. Ngf3 c5 8. c3 Qc6 9. Ne5 Qb6 10. Ndf3 Be7 11. 0-0 0-0 12. h3 Ne8 13. Qb1 Ndf6 14. Ng5 g6 15. h4 Ng7 16. Nxh7 Nxh7 17. Kh2 f5 18. Nxg6 Rf7 19. Rh1 c4 20. Bc2 Bd6 21. Ne5 Bxe5 22. Bxe5 Nf6 23. Kg1 Ng4 24. h5 Nxe5 25. dxe5 Ne8 26. h6 Rh7 27. Qc1 Kf7 28. g4 Qd8 29. Qb1 Qg5 30. Kf1 Rxh6 31. Rxh6 Qxh6 32. gxf5 Qh1+ 33. Ke2 Qxb1 34. Rxb1 exf5 35. Rh1 Ng7 36. f4 Be6 37. Rh7 Rg8 38. Bd1 Kf8 39. Rh6 Ke7 40. Kd2 Ne8 41. Rh7+ Rg7 42. Rh6 Nc7 43. Be2 Na6 44. Rh8 Bg8 45. Rh6 Be6 46. Rh8 Nc5 47. Rc8 Ne4+ 48. Kc2 Bxc8 0-1

[Event "Hennebont Grand Prix"]
[Site "Hennebont"]
[Date "2006.08.05"]
[Round "1"]
[White "Ottl, Eric"]
[Black "Tranvouez, Pierre"]
[Result "0-1"]
[WhiteElo "1499"]
[BlackElo "1750"]
[PlyCount "110"]
[EventDate "2006.08.05"]
[EventType "swiss"]
[EventRounds "7"]
[EventCountry "FRA"]
[SourceTitle "EXT 2007"]
[Source "ChessBase"]
[SourceDate "2006.11.23"]
[SourceVersion "1"]
[SourceVersionDate "2006.11.23"]
[SourceQuality "1"]

1. e4 e6 2. d4 d5 3. e5 c5 4. Nf3 Nc6 5. c3 Qb6 6. Be2 Nge7 7. 0-0 Nf5 8. b3 cxd4 9. cxd4 Ncxd4 10. Nxd4 Qxd4 11. Bb2 Qxb2 12. Nd2 Qxe5 13. Bb5+ Bd7 14. Bxd7+ Kxd7 15. Re1 Qd4 16. Qe2 Qb6 17. Nf3 Bd6 18. Rad1 h6 19. g4 Ne7 20. Ne5+ Bxe5 21. Qxe5 f6 22. Qg3 Rac8 23. Re2 Rc6 24. Rde1 Rhc8 25. g5 hxg5 26. Qg4 Nf5 27. Qh5 Qb4 28. Rxe6 Rxe6 29. Qf7+ Qe7 30. Qxe7+ Kxe7 31. Rd1 Kd6 32. Rd3 Rc2 33. a4 Re1+ 34. Kg2 Nh4+ 35. Kg3 Rg1+ 36. Kh3 Rxf2 37. Rg3 Rf3 38. Kg4 Rf4+ 39. Kh3 Rff1 40. Kg4 Rxg3+ 41. hxg3 Ng6 42. Kh5 Rh1+ 43. Kxg6 Ke6 44. Kxg7 f5 45. Kg6 Rg1 46. Kxg5 Rxg3+ 47. Kf4 Rg4+ 48. Ke3 Ke5 49. Kd3 Rg3+ 50. Ke2 Ke4 51. Kf2 Rxb3 52. Ke2 Rb2+ 53. Kf1 Ke3 54. Kg1 Kf3 55. Kf1 Rb1# 0-1